000 00770nam a2200241Ia 4500
003 OSt
005 20220918192317.0
006 a|||||r|||| 00| 0
007 ta
008 220917b |||||||| |||| 00| 0 eng d
024 _a67,817
037 _cTextual
040 _aARTS
_cARTS
_beng
041 _2eng
_aeng
082 _aR3xM59,2, K7 (PD)-;1-;2 (MPhil) (O)
100 _aHusserl Edmund
_921145
245 0 _aIdeas
_b general introduction to pure phenomenology tr by W R Boyce Gibson
260 _aLondon
_bGeorge Allen and Unwin
_c1967
300 _a465p.
_ccm.
490 _aMuirhead library of philosophy ed by H D Lewis
942 _hR3xM59,2, K7 (PD)-;1-;2 (MPhil) (O)
_cTEXL
_2CC
999 _c194050
_d194050